000 00879nmc a2200301 a 4500
003 AR-BaBNM
005 20251128203825.0
008 067019s1970 ||||||||||||||000 | spa||
040 _cAR-BaBNM
100 1 _aSimian de Molinas, Susana
245 1 0 _aEl método retrospectivo en la enseñanza de la historia
250 _a1ª ed.
260 _aBuenos Aires
_bEstrada
_c1970
300 _axv, 179 p.
490 0 _aBiblioteca de ciencias de la educación
500 _aApéndices p. 115-176
504 _aBibliografía p. 177-179
650 4 _aHISTORIA ARGENTINA
650 4 _aENSENANZA DE LA HISTORIA
650 4 _aMETODOS DE ENSENANZA
650 4 _aEVALUACION DEL ALUMNO
650 4 _aTECNICAS DE EVALUACION
650 4 _aTECNICAS DE ENSENANZA
653 _aEDUCACION SECUNDARIA
800 1 _aZanotti, Luis Jorge
_edirector
942 _cBK
998 _cCarmen
999 _c5050
_d5050